00286pab a2200121 454500008004000000100001800040245003600058260000900094300001300103362000800116650001400124773002600138180718b2013 xxu||||| |||| 00| 0 eng d aGowda, Huchhe aAn appraisal of rural education c2013 ap.28-33. aSep aEducation aKurukshetra (English)